00418nam a2200157 a 450000100060000000300090000600800410001502000150005604000280007108200160009910000330011524500380014826000440018630000100023065000200024010842CO-ViMGA141112s2004 ck r 000 u spa d a9507320121 aCO-ViMGAbspacCO-ViMGA04a853.91 C15m1 aCalvino Marcovaldo ; Italo, 10aO sea las estaciones en la Ciudad aBarcelona : bEdiciones Destino, c1993 a192p.14aNOVELA ITALIANA